[Event "Pere Noel"]
[Site "Montreal CAN"]
[Date "2004.12.30"]
[Round "5"]
[White "Boulay, David"]
[Black "Masse, Hugues"]
[Result "0-1"]
[WhiteElo "2066"]
[BlackElo "2224"]
[PlyCount "108"]
[GameId "2160767911031854"]
[EventDate "2004.12.26"]
[EventType "swiss"]
[EventRounds "5"]
[EventCountry "CAN"]

1. e4 e5 2. Nf3 Nc6 3. Bb5 a6 4. Ba4 Nf6 5. Qe2 b5 6. Bb3 Be7 7. c3 d6 8. O-O O-O 9. d3 Na5 10. Bc2 c5 11. Nbd2 Qc7 12. Re1 Nc6 13. Nf1 Re8 14. Ng3 h6 15. h3 Bf8 16. Bd2 g6 17. Rec1 Bg7 18. b4 Be6 19. a3 Rac8 20. Be3 Qe7 21. Nd2 Nd7 22. Bb3 Nd4 23. cxd4 cxd4 24. Ngf1 dxe3 25. Nxe3 Nb6 26. Qd1 h5 27. Rxc8 Rxc8 28. Rc1 Qd7 29. Rc2 Bh6 30. Qc1 Bxe3 31. fxe3 Kf8 32. Bxe6 Qxe6 33. Kf2 Ke7 34. Kf3 Rxc2 35. Qxc2 Kd7 36. Nb3 Qf6+ 37. Ke2 Qg5 38. Kf2 h4 39. Qc1 Nc8 40. Na5 Ne7 41. Qd2 Nc6 42. Nxc6 Kxc6 43. Qe2 Kd7 44. Qg4+ Qxg4 45. hxg4 Ke6 46. g5 f5 47. Kf3 fxe4+ 48. Kxe4 d5+ 49. Kf3 Kf5 50. g3 h3 51. g4+ Kxg5 52. Kg3 h2 53. Kxh2 Kxg4 54. Kg2 e4 0-1

[Event "Pere Noel"]
[Site "Montreal CAN"]
[Date "2004.12.30"]
[Round "5"]
[White "Charbonneau, Anne-Marie"]
[Black "Pitre, Francois"]
[Result "1/2-1/2"]
[WhiteElo "2072"]
[BlackElo "1999"]
[PlyCount "91"]
[GameId "2160767911031855"]
[EventDate "2004.12.26"]
[EventType "swiss"]
[EventRounds "5"]
[EventCountry "CAN"]

1. d4 d5 2. c4 e6 3. Nc3 Nf6 4. cxd5 exd5 5. Bg5 Nbd7 6. e3 c6 7. Qc2 Be7 8. Bd3 O-O 9. Nf3 Re8 10. O-O Nf8 11. h3 Nh5 12. Bxe7 Qxe7 13. Rab1 g6 14. b4 Qf6 15. Ne5 Qh4 16. Kh2 a6 17. a4 Nd7 18. Nf3 Qe7 19. Qb3 Qd6+ 20. Kg1 Nhf6 21. Rfd1 Nf8 22. b5 Be6 23. bxc6 bxc6 24. Qc2 c5 25. dxc5 Qxc5 26. Ne2 Qa7 27. Nfd4 Rec8 28. Qd2 Ne4 29. Qe1 Bd7 30. a5 Rab8 31. Rxb8 Rxb8 32. Rb1 Nc5 33. Bc2 Nfe6 34. Rb4 Nxd4 35. Nxd4 Ne6 36. Nxe6 fxe6 37. Qb1 Rxb4 38. Qxb4 Bb5 39. Ba4 Bxa4 40. Qxa4 Qc5 41. Qe8+ Kg7 42. Qd8 e5 43. Qb6 Qc4 44. Qe6 e4 45. Qb6 h5 46. Qb7+ 1/2-1/2

[Event "Pere Noel"]
[Site "Montreal CAN"]
[Date "2004.12.30"]
[Round "5"]
[White "Cloutier, Mario"]
[Black "Bouvier, Jesse"]
[Result "1/2-1/2"]
[WhiteElo "1981"]
[BlackElo "2227"]
[PlyCount "109"]
[GameId "2160767911031856"]
[EventDate "2004.12.26"]
[EventType "swiss"]
[EventRounds "5"]
[EventCountry "CAN"]

1. e4 c5 2. Nf3 Nc6 3. d4 cxd4 4. Nxd4 Nf6 5. Nc3 e5 6. Ndb5 d6 7. Bg5 a6 8. Na3 Be6 9. Nc4 Rc8 10. Nd5 Bxd5 11. Bxf6 gxf6 12. Qxd5 Nb4 13. Qd2 d5 14. exd5 Nxc2+ 15. Qxc2 Bb4+ 16. Kd1 Qxd5+ 17. Kc1 O-O 18. Kb1 Rfd8 19. a3 Bc5 20. Be2 b5 21. Rd1 Bd4 22. Rc1 bxc4 23. Bxc4 Qb7 24. Qe2 Bxb2 25. Qxb2 Qe4+ 26. Qc2 Rxc4 27. Qxe4 Rxe4 28. Ra2 Rd6 29. Rb2 Kg7 30. Rc3 Rg4 31. g3 Rgd4 32. Rbc2 Rd2 33. Kc1 Rd1+ 34. Kb2 Rb6+ 35. Ka2 Rh1 36. h4 Rf1 37. Rb3 Ra1+ 38. Kxa1 Rxb3 39. Ka2 Rf3 40. Kb2 Kg6 41. a4 h5 42. Kc1 Kf5 43. Kd1 Ra3 44. Rc4 Ra2 45. Ke1 a5 46. Kf1 Ke6 47. Rc6+ Ke7 48. Rc7+ Ke6 49. Rc6+ Kf5 50. Rc4 Ra3 51. Kg2 Ra2 52. Kf1 Rb2 53. Rc5 Kg4 54. Rc4+ Kf3 55. Rc3+ 1/2-1/2

[Event "Pere Noel"]
[Site "Montreal CAN"]
[Date "2004.12.30"]
[Round "5"]
[White "Fillion, Steve"]
[Black "Voskanyan, Vahagn"]
[Result "0-1"]
[WhiteElo "2084"]
[BlackElo "2295"]
[PlyCount "90"]
[GameId "2160767911031857"]
[EventDate "2004.12.26"]
[EventType "swiss"]
[EventRounds "5"]
[EventCountry "CAN"]

1. d4 Nf6 2. Nf3 d5 3. c4 e6 4. Nc3 Nbd7 5. Bg5 Be7 6. e3 O-O 7. cxd5 exd5 8. Bd3 c6 9. Qc2 Re8 10. O-O Ne4 11. Bxe7 Qxe7 12. Rab1 Ndf6 13. h3 Bf5 14. b4 Rac8 15. a3 b6 16. Na4 Rc7 17. Rbc1 Qd6 18. Qb3 Bc8 19. Rc2 Qe7 20. Rfc1 Bb7 21. Ne5 Rec8 22. Bf1 g6 23. g3 Kg7 24. h4 Nd7 25. Nxd7 Qxd7 26. Nc3 Nf6 27. Ne2 Ba6 28. Nf4 Bxf1 29. Kxf1 h6 30. Kg2 g5 31. hxg5 hxg5 32. Nh3 Qf5 33. b5 Rh8 34. Ng1 g4 35. Rxc6 Rh2+ 36. Kxh2 Qxf2+ 37. Kh1 Ne4 38. Ne2 Qf3+ 39. Kg1 Qf2+ 40. Kh1 Qxe2 41. Qc2 Nd2 42. Qxd2 Qxd2 43. Rxc7 Qxe3 44. R7c3 Qxd4 45. Kg2 Qe4+ 0-1

[Event "Pere Noel"]
[Site "Montreal CAN"]
[Date "2004.12.30"]
[Round "5"]
[White "Ibrahim, Anthony"]
[Black "Dumouchel, Alain"]
[Result "0-1"]
[WhiteElo "2256"]
[BlackElo "2025"]
[PlyCount "56"]
[GameId "2160767911031858"]
[EventDate "2004.12.26"]
[EventType "swiss"]
[EventRounds "5"]
[EventCountry "CAN"]

1. e4 e5 2. Nf3 Nc6 3. d4 exd4 4. Nxd4 Bc5 5. Be3 Qf6 6. c3 Nge7 7. Bc4 O-O 8. O-O Ne5 9. Be2 Qg6 10. Nf5 Nxf5 11. Bxc5 Nh4 12. g3 d6 13. Bd4 Bh3 14. Bh5 Qxh5 15. f4 Bg4 16. Qc2 Nhf3+ 17. Kh1 Nxd4 18. cxd4 Nf3 19. Qf2 c5 20. d5 Rae8 21. Nc3 f5 22. exf5 Rxf5 23. h4 g5 24. fxg5 Bh3 25. Rfd1 Ne1 26. Qd2 Bg2+ 27. Kh2 Qg4 28. Qxg2 Nxg2 0-1

[Event "Pere Noel"]
[Site "Montreal CAN"]
[Date "2004.12.30"]
[Round "5"]
[White "Khassanov, Marat"]
[Black "Moskvitch, Andrei"]
[Result "1-0"]
[WhiteElo "2327"]
[BlackElo "2112"]
[PlyCount "69"]
[GameId "2160767911031859"]
[EventDate "2004.12.26"]
[EventType "swiss"]
[EventRounds "5"]
[EventCountry "CAN"]

1. e4 c5 2. Nf3 e6 3. d4 cxd4 4. Nxd4 Nf6 5. Nc3 d6 6. Be2 Be7 7. O-O a6 8. f4 Qc7 9. Kh1 O-O 10. Qe1 Nc6 11. Be3 b5 12. e5 Nxd4 13. Bxd4 dxe5 14. fxe5 Nd7 15. Bd3 Bb7 16. Qg3 Bc5 17. Qh4 g6 18. Rae1 Bxd4 19. Qxd4 Rad8 20. Qf4 Qc5 21. a3 f6 22. exf6 Rxf6 23. Qg3 Rdf8 24. Rxf6 Rxf6 25. Be4 Qc4 26. Qd3 Qxd3 27. cxd3 Bxe4 28. Nxe4 Rf5 29. Kg1 Kf8 30. b4 Rd5 31. Re3 Ke7 32. Rh3 h5 33. Kf2 Nf6 34. Ng3 g5 35. Ke2 1-0

[Event "Pere Noel"]
[Site "Montreal CAN"]
[Date "2004.12.30"]
[Round "5"]
[White "Malette, Martin"]
[Black "Rodriguez, Herver"]
[Result "0-1"]
[WhiteElo "2081"]
[BlackElo "1719"]
[PlyCount "52"]
[GameId "2160767911031861"]
[EventDate "2004.12.26"]
[EventType "swiss"]
[EventRounds "5"]
[EventCountry "CAN"]

1. e4 c5 2. Nf3 d6 3. d4 cxd4 4. Nxd4 Nf6 5. Nc3 g6 6. Be3 Bg7 7. f3 O-O 8. Qd2 Nc6 9. O-O-O d5 10. exd5 Nxd5 11. Nxc6 bxc6 12. Bd4 e5 13. Bc5 Be6 14. Ne4 a5 15. Bc4 Re8 16. g4 Qh4 17. Bf2 Qe7 18. h4 Nb4 19. Bc5 Qb7 20. Bxe6 Rxe6 21. a3 Nd5 22. h5 Rb8 23. c4 f5 24. gxf5 Bh6 25. Ng5 Bxg5 26. fxe6 Qxb2# 0-1

[Event "Pere Noel"]
[Site "Montreal CAN"]
[Date "2004.12.30"]
[Round "5"]
[White "Pepin, Christian"]
[Black "Rouleau, Paul"]
[Result "0-1"]
[WhiteElo "2083"]
[BlackElo "1836"]
[PlyCount "98"]
[GameId "2160767911031862"]
[EventDate "2004.12.26"]
[EventType "swiss"]
[EventRounds "5"]
[EventCountry "CAN"]

1. e4 e5 2. Nf3 Nc6 3. d4 exd4 4. Nxd4 Qh4 5. Be3 Qxe4 6. Nd2 Qe7 7. Nb5 d6 8. Be2 Be6 9. c4 Qd7 10. Nd4 Be7 11. O-O Nf6 12. N2b3 O-O 13. c5 Nd5 14. Nxe6 fxe6 15. Qc2 Nxe3 16. fxe3 Bg5 17. Qc3 a6 18. Nd4 dxc5 19. Nxc6 Qxc6 20. Qe5 Qd5 21. Qg3 Bh6 22. Rfe1 c6 23. b3 Qg5 24. Bg4 Rf6 25. Rad1 Raf8 26. Qh3 Qe5 27. e4 Bg5 28. g3 c4 29. bxc4 Qc5+ 30. Kh1 Qxc4 31. e5 Rh6 32. Bh5 g6 33. g4 Qxa2 34. Rf1 Bf4 35. Rxf4 Rxf4 36. Rd8+ Kg7 37. Rd7+ Kf8 38. Rd8+ Kg7 39. Rd7+ Rf7 40. Rxf7+ Kxf7 41. Qf3+ Ke8 42. Qf6 Qd5+ 43. Kg1 Qd1+ 44. Kf2 Qd2+ 45. Kf3 gxh5 46. Qh8+ Kd7 47. Qg7+ Kc8 48. g5 Rg6 49. Qh8+ Qd8 0-1

[Event "Pere Noel"]
[Site "Montreal CAN"]
[Date "2004.12.30"]
[Round "5"]
[White "Poirier, Erik"]
[Black "Singher, Jean-Pierre"]
[Result "1-0"]
[WhiteElo "2063"]
[BlackElo "2070"]
[PlyCount "68"]
[GameId "2160767911031863"]
[EventDate "2004.12.26"]
[EventType "swiss"]
[EventRounds "5"]
[EventCountry "CAN"]

1. d4 Nf6 2. c4 e6 3. Nc3 d5 4. cxd5 exd5 5. Bg5 Be7 6. e3 O-O 7. Bd3 Nbd7 8. Nge2 Re8 9. Qc2 a6 10. O-O c6 11. f3 h6 12. Bh4 b5 13. a3 c5 14. b4 cxd4 15. Nxd4 Qb6 16. Nf5 Bf8 17. Bf2 Bb7 18. Rfd1 Rac8 19. Qb3 g6 20. Nd4 Qc7 21. Rac1 Qe5 22. Rc2 Qh5 23. Rcd2 Ne5 24. Be2 Nc4 25. f4 Ng4 26. h3 Ncxe3 27. Bxe3 f5 28. Nxd5 Kg7 29. hxg4 fxg4 30. f5 Bd6 31. Nf4 Qh4 32. Nde6+ Rxe6 33. Nxe6+ Kf6 34. Rxd6 g3 1-0

[Event "Pere Noel"]
[Site "Montreal CAN"]
[Date "2004.12.30"]
[Round "5"]
[White "Ramaswamy, Kishor"]
[Black "Rivest, Jean-Michel"]
[Result "0-1"]
[WhiteElo "2047"]
[BlackElo "1947"]
[PlyCount "118"]
[GameId "2160767911031864"]
[EventDate "2004.12.26"]
[EventType "swiss"]
[EventRounds "5"]
[EventCountry "CAN"]

1. d4 d5 2. Nf3 Nf6 3. Bg5 c6 4. c3 Bf5 5. Nbd2 Nbd7 6. e3 g6 7. Be2 Bg7 8. O-O O-O 9. c4 dxc4 10. Nxc4 Nb6 11. Na5 Rb8 12. Bf4 Nbd5 13. Bxb8 Qxb8 14. Bd3 Bg4 15. h3 Be6 16. a3 Qc8 17. Rc1 Bh6 18. Nb3 Bxh3 19. gxh3 Qxh3 20. Nh2 Nf4 21. Qf3 Qxf3 22. Nxf3 Nxd3 23. Rc2 e5 24. Nxe5 Nxe5 25. dxe5 Ng4 26. e6 fxe6 27. Nc5 Rf7 28. Nxe6 Bxe3 29. Nd8 Rd7 30. fxe3 Nxe3 31. Ne6 Nxf1 32. Kxf1 Kf7 33. Nc5 Re7 34. Rf2+ Ke8 35. Kg2 b6 36. Nd3 Kd7 37. Nb4 a5 38. Rd2+ Kc7 39. Nc2 c5 40. a4 Re4 41. b3 c4 42. Kf3 Rh4 43. Kg3 g5 44. bxc4 Rxc4 45. Nd4 Rxa4 46. Ne6+ Kc6 47. Rc2+ Kd5 48. Nxg5 h5 49. Nf3 Rg4+ 50. Kh3 Ke4 51. Nh2 Kd3 52. Rc6 Rb4 53. Nf3 a4 54. Ne1+ Kd2 55. Nf3+ Ke3 56. Ne5 Kd4 57. Nd7 b5 58. Nb6 a3 59. Rd6+ Kc5 0-1

[Event "Pere Noel U1600"]
[Site "Montreal CAN"]
[Date "2004.12.30"]
[Round "5"]
[White "Xavier-Bonifay, Jean-Luc"]
[Black "Collin-Deslauriers, Hugo"]
[Result "0-1"]
[WhiteElo "1392"]
[BlackElo "1516"]
[PlyCount "106"]
[GameId "2160767911031866"]
[EventDate "2004.12.26"]
[EventType "swiss"]
[EventRounds "5"]
[EventCountry "CAN"]

1. e4 e5 2. Nf3 Nc6 3. Bc4 Bc5 4. c3 Qe7 5. O-O Nf6 6. d4 Bb6 7. d5 Nd8 8. Bg5 d6 9. Nbd2 h6 10. Bh4 Bg4 11. Bd3 a6 12. h3 Bd7 13. Rc1 g5 14. Bg3 Nh5 15. Bh2 Nf4 16. Bxf4 gxf4 17. Nh2 Rg8 18. Qh5 Qf6 19. Ng4 Bxg4 20. hxg4 Ba7 21. c4 c6 22. b4 b5 23. cxb5 cxb5 24. Rc2 Rg5 25. Qh3 Qg7 26. Be2 Bb6 27. Rfc1 Rb8 28. Qa3 h5 29. Qxa6 hxg4 30. Bxb5+ Ke7 31. Kf1 Qh6 32. Ke2 Bxf2 33. Rc7+ Kf8 34. Rc8 f3+ 35. gxf3 gxf3+ 36. Nxf3 Rg2 37. Kd1 Qh1+ 38. Bf1 Rxc8 39. Rxc8 Ke7 40. Rc7+ Ke8 41. Qb5+ Kf8 42. a4 Bb6 43. Rc2 Rg3 44. Nd2 Bd4 45. Qb8 Qh5+ 46. Kc1 Qg5 47. Qxd6+ Kg7 48. Qa6 Ra3 49. Kd1 Bc3 50. Nb1 Ra1 51. Rxc3 Rxb1+ 52. Ke2 Rb2+ 53. Kd3 Qd2+ 0-1

[Event "Pere Noel U2000"]
[Site "Montreal CAN"]
[Date "2004.12.27"]
[Round "2"]
[White "Kenanu, Dariush"]
[Black "Malek, Omid"]
[Result "0-1"]
[WhiteElo "1917"]
[BlackElo "1966"]
[PlyCount "62"]
[GameId "2160767911031868"]
[EventDate "2004.12.26"]
[EventType "swiss"]
[EventRounds "5"]
[EventCountry "CAN"]

1. e4 c5 2. Nf3 Nc6 3. d4 cxd4 4. Bc4 e6 5. O-O a6 6. Nxd4 Nf6 7. Nxc6 bxc6 8. e5 Nd5 9. Bb3 Bb7 10. c4 Nb6 11. Qg4 c5 12. a4 Qc7 13. a5 Nc8 14. f4 Ne7 15. Nc3 h5 16. Qh3 Nc6 17. Kh1 Nxa5 18. Bc2 Nxc4 19. b3 Nb6 20. Bb2 Nd5 21. Nxd5 Bxd5 22. f5 h4 23. Rf4 Be7 24. Rg4 Qc6 25. Rxg7 exf5 26. Bxf5 O-O-O 27. Qd3 Rhg8 28. Rxa6 Qb7 29. e6 dxe6 30. Qf1 Bxg2+ 31. Rxg2 Qxg2+ 0-1

[Event "Pere Noel U2000"]
[Site "Montreal CAN"]
[Date "2004.12.27"]
[Round "2"]
[White "Robidas, Francois"]
[Black "Rodriguez, Aaron"]
[Result "1-0"]
[WhiteElo "1927"]
[BlackElo "1805"]
[PlyCount "110"]
[GameId "2160767911031869"]
[EventDate "2004.12.26"]
[EventType "swiss"]
[EventRounds "5"]
[EventCountry "CAN"]

1. e4 g6 2. d4 Bg7 3. c4 d6 4. Nc3 Nf6 5. f3 O-O 6. Be3 e5 7. d5 Nbd7 8. Qd2 Ne8 9. O-O-O f5 10. Kb1 Nc5 11. Bd3 a6 12. Bc2 b5 13. b4 Nd7 14. c5 Ndf6 15. h3 a5 16. a3 axb4 17. axb4 Rf7 18. c6 Nh5 19. Nge2 Nf4 20. g4 fxe4 21. fxe4 g5 22. Ng3 Nf6 23. Rdg1 h6 24. Bd1 Kf8 25. Kb2 Kg8 26. Kb3 Rb8 27. Be2 Nxe2 28. Qxe2 Qf8 29. Ra1 Nh7 30. Rhf1 Rxf1 31. Rxf1 Qe7 32. Qa2 Qd8 33. Qa7 Bxg4 34. hxg4 Nf6 35. Nf5 Nxg4 36. Qa5 Nxe3 37. Nxe3 h5 38. Nxb5 Rc8 39. Nf5 h4 40. Qa6 Bf8 41. Qb7 g4 42. Rg1 h3 43. Rxg4+ Kf7 44. Rg3 h2 45. Rh3 Kf6 46. Rxh2 Kg5 47. Rh7 Kf4 48. Nc3 Kg5 49. Rd7 Qe8 50. Rxc7 Rb8 51. Qa7 Kf6 52. Qf2 Kg6 53. Qg3+ Kf6 54. Qh4+ Kg6 55. Ng3 Be7 1-0

[Event "Pere Noel U2000"]
[Site "Montreal CAN"]
[Date "2004.12.28"]
[Round "3"]
[White "Malek, Omid"]
[Black "Benoit-Deschamps, Jean-Marc"]
[Result "1-0"]
[WhiteElo "1966"]
[BlackElo "1876"]
[PlyCount "65"]
[GameId "2160767911031870"]
[EventDate "2004.12.26"]
[EventType "swiss"]
[EventRounds "5"]
[EventCountry "CAN"]

1. e4 c5 2. Nf3 d6 3. d4 cxd4 4. Nxd4 Nf6 5. Nc3 g6 6. Be3 Bg7 7. f3 Nc6 8. Qd2 O-O 9. O-O-O d5 10. exd5 Nxd5 11. Nxc6 bxc6 12. Bd4 e6 13. Bxg7 Kxg7 14. Bc4 Qf6 15. Bxd5 exd5 16. h4 h5 17. Rdg1 Rh8 18. Ne2 Rb8 19. c3 a5 20. Nf4 a4 21. g4 a3 22. b3 hxg4 23. fxg4 Rxh4 24. Rxh4 Qxh4 25. Qd4+ Kf8 26. g5 Qh2 27. Rg2 Qh1+ 28. Kd2 Rxb3 29. axb3 a2 30. Re2 a1=Q 31. Nxg6+ Kg8 32. Re8+ Kh7 33. Rh8+ 1-0

[Event "Pere Noel U2000"]
[Site "Montreal CAN"]
[Date "2004.12.29"]
[Round "4"]
[White "Vachon, Pierre"]
[Black "Malek, Omid"]
[Result "1/2-1/2"]
[WhiteElo "1909"]
[BlackElo "1968"]
[PlyCount "64"]
[GameId "2160767911031872"]
[EventDate "2004.12.26"]
[EventType "swiss"]
[EventRounds "5"]
[EventCountry "CAN"]

1. e4 c5 2. c3 d5 3. exd5 Qxd5 4. d4 Nf6 5. Nf3 e6 6. Be2 Nc6 7. Na3 a6 8. Nc4 Qd8 9. dxc5 Qxd1+ 10. Bxd1 Bxc5 11. b4 Ba7 12. a4 Nd5 13. Bb2 O-O 14. O-O Rd8 15. b5 Nce7 16. Bb3 Bc5 17. Nfe5 Bd7 18. Nxd7 Rxd7 19. Ne5 Rdd8 20. Rfd1 Rac8 21. c4 Nf6 22. Nd3 Bd6 23. c5 Bc7 24. Bc4 axb5 25. axb5 Nfd5 26. Ra7 b6 27. c6 Bd6 28. g3 Kf8 29. Rda1 Nb4 30. Ne5 Bxe5 31. Bxe5 Nbxc6 32. bxc6 Nxc6 1/2-1/2

[Event "Pere Noel U2000"]
[Site "Montreal CAN"]
[Date "2004.12.30"]
[Round "5"]
[White "Malek, Omid"]
[Black "Forget, Luc"]
[Result "1-0"]
[WhiteElo "1968"]
[BlackElo "1792"]
[PlyCount "81"]
[GameId "2160767911031874"]
[EventDate "2004.12.26"]
[EventType "swiss"]
[EventRounds "5"]
[EventCountry "CAN"]

1. e4 c6 2. d4 d5 3. Nc3 dxe4 4. Nxe4 Bf5 5. Ng3 Bg6 6. h4 h6 7. h5 Bh7 8. Nf3 Nd7 9. Bd3 Bxd3 10. Qxd3 e6 11. Bf4 Qa5+ 12. Bd2 Qc7 13. O-O-O Ngf6 14. Ne4 Be7 15. c4 O-O 16. Nxf6+ Nxf6 17. Qe2 c5 18. dxc5 Qxc5 19. Be3 Qa5 20. Kb1 Bc5 21. Nd4 Qb6 22. Rd3 Rfd8 23. Rb3 Qc7 24. Nf3 Rac8 25. Bd2 b6 26. Bc3 Qf4 27. Bxf6 Qxf6 28. g4 Qf4 29. Rg1 Be7 30. Rc3 Bf6 31. Rc2 Rd7 32. Nd2 Rd4 33. f3 Be7 34. Ne4 Rcd8 35. Rgc1 Rd3 36. Rc3 R3d4 37. a3 a5 38. Rb3 Bc5 39. Ka2 a4 40. Rbc3 Qe5 41. Qc2 1-0

[Event "Pere Noel U2000"]
[Site "Montreal CAN"]
[Date "2004.12.30"]
[Round "5"]
[White "Vachon, Pierre"]
[Black "Leger, Michel"]
[Result "1-0"]
[WhiteElo "1909"]
[BlackElo "1969"]
[PlyCount "81"]
[GameId "2160767911031875"]
[EventDate "2004.12.26"]
[EventType "swiss"]
[EventRounds "5"]
[EventCountry "CAN"]

1. e4 e6 2. d4 d5 3. e5 c5 4. c3 Nc6 5. Nf3 Qb6 6. Bd3 Bd7 7. dxc5 Bxc5 8. Qe2 Bf8 9. O-O g6 10. Re1 Rc8 11. Nbd2 Na5 12. Nb3 Nc4 13. Nbd4 a6 14. Bg5 Bg7 15. h4 Nh6 16. Bxc4 Rxc4 17. Qe3 Ng4 18. Qf4 h5 19. Nd2 Rc8 20. f3 Nh6 21. Kh2 Qc7 22. Bf6 Bxf6 23. Qxf6 O-O 24. Rg1 Kh7 25. Rae1 Ng8 26. Qf4 f6 27. Qg3 Rce8 28. exf6 Qxg3+ 29. Kxg3 e5 30. N4b3 Nxf6 31. Nc5 Bc6 32. Re3 Re7 33. Rge1 Rfe8 34. Nd3 Nd7 35. Nb3 e4 36. fxe4 dxe4 37. Ndc5 Nb6 38. Nd4 Bd5 39. Ndb3 Rc7 40. Nxe4 Bxe4 41. Rxe4 1-0

[Event "Pere Noel U2000"]
[Site "Montreal CAN"]
[Date "2004.12.30"]
[Round "5"]
[White "Ye, Ling Feng"]
[Black "Gosselin, Robert"]
[Result "1-0"]
[WhiteElo "1916"]
[BlackElo "1894"]
[PlyCount "74"]
[GameId "2160767911031876"]
[EventDate "2004.12.26"]
[EventType "swiss"]
[EventRounds "5"]
[EventCountry "CAN"]

1. e4 c5 2. Nf3 d6 3. d4 cxd4 4. Nxd4 Nf6 5. Nc3 e6 6. Be2 a6 7. a4 Nc6 8. Be3 Be7 9. O-O Qc7 10. f4 O-O 11. Kh1 Bd7 12. Nb3 Na5 13. Nxa5 Qxa5 14. Bf3 Bc6 15. Qd3 Rfd8 16. b4 Qc7 17. a5 Rdc8 18. Bb6 Qb8 19. Rfd1 Nd7 20. Bd4 Qc7 21. Rd2 b5 22. axb6 Qb7 23. Be2 Nxb6 24. Rxa6 Rxa6 25. Qxa6 Na8 26. Rd1 Qc7 27. Qd3 Bb7 28. Qg3 Bf8 29. Bd3 Nb6 30. h3 Nc4 31. Na4 Bc6 32. Nb2 Nxb2 33. Bxb2 Qb7 34. Qe1 d5 35. exd5 Bxd5 36. Qg3 Qxb4 37. Be5 Qb7 1-0

[Event "Planas mem"]
[Site "Kelowna CAN"]
[Date "2004.08.07"]
[Round "1.1"]
[White "Neufahrt, Gerhard"]
[Black "Rice, Grant"]
[Result "1-0"]
[WhiteElo "2052"]
[BlackElo "1659"]
[PlyCount "59"]
[GameId "2160767911086358"]
[EventDate "2004.08.07"]
[EventType "swiss"]
[EventRounds "5"]
[EventCountry "CAN"]

1. e4 c5 2. c3 d6 3. d4 cxd4 4. cxd4 e6 5. Nf3 Ne7 6. Bg5 Qb6 7. Nc3 Ng6 8. Rc1 Bd7 9. Nd2 f6 10. Be3 Qd8 11. h4 Be7 12. h5 Nf8 13. d5 e5 14. Nb5 Bxb5 15. Bxb5+ Nbd7 16. Qg4 Rg8 17. Rh3 a6 18. Ba4 b5 19. Bb3 Rc8 20. Rc6 Rc7 21. Bh6 Nb8 22. Rhc3 Nxc6 23. dxc6 f5 24. Qxf5 Bf6 25. Bxg8 gxh6 26. Rf3 Rg7 27. Bd5 Rxg2 28. Qxf6 Qxf6 29. Rxf6 Rg7 30. Rxd6 1-0

[Event "Planas mem"]
[Site "Kelowna CAN"]
[Date "2004.08.07"]
[Round "1.2"]
[White "Marshall, Jim"]
[Black "Phonchiangkwong, Sumon Chai"]
[Result "0-1"]
[WhiteElo "1654"]
[BlackElo "1936"]
[PlyCount "55"]
[GameId "2160767911086359"]
[EventDate "2004.08.07"]
[EventType "swiss"]
[EventRounds "5"]
[EventCountry "CAN"]

1. Nf3 d5 2. g3 Nf6 3. Bg2 c6 4. d3 e6 5. Nbd2 Bd6 6. e4 Nbd7 7. O-O O-O 8. Re1 e5 9. Nf1 Re8 10. Bg5 h6 11. Bd2 Nc5 12. b4 dxe4 13. bxc5 exf3 14. Bxf3 Bxc5 15. Bc3 Bd4 16. Qd2 Bh3 17. Ne3 Rb8 18. Rab1 Bxc3 19. Qxc3 Qd4 20. Qd2 e4 21. Rb4 Qd7 22. Bh1 exd3 23. Rh4 dxc2 24. Qxc2 Nd5 25. Bxd5 cxd5 26. g4 Rbc8 27. Qd2 Qc6 28. Rxh3 0-1

[Event "Planas mem"]
[Site "Kelowna CAN"]
[Date "2004.08.07"]
[Round "1.3"]
[White "Lee, Mau Seng"]
[Black "Jay, Joe"]
[Result "1-0"]
[WhiteElo "1930"]
[BlackElo "1654"]
[PlyCount "57"]
[GameId "2160767911086360"]
[EventDate "2004.08.07"]
[EventType "swiss"]
[EventRounds "5"]
[EventCountry "CAN"]

1. e4 e5 2. Nf3 Nc6 3. Bb5 a6 4. Bxc6 dxc6 5. O-O Nf6 6. Nxe5 Qd4 7. Nf3 Qd8 8. e5 Nd5 9. d4 Be7 10. Nbd2 Bg4 11. Ne4 O-O 12. h3 Bh5 13. Ng3 Bg6 14. c3 c5 15. a3 b5 16. Bd2 cxd4 17. cxd4 c5 18. dxc5 Bxc5 19. Rc1 Bb6 20. Qb3 Qd7 21. Rfd1 Rad8 22. Rc8 Rxc8 23. Be3 Bxe3 24. fxe3 Rcd8 25. e4 Bxe4 26. Nxe4 h6 27. Nc3 Qa7+ 28. Kh1 Qd4 29. Nxd5 1-0

[Event "Planas mem"]
[Site "Kelowna CAN"]
[Date "2004.08.07"]
[Round "1.5"]
[White "Tomashewski, Peter"]
[Black "Demers, Darwin"]
[Result "1-0"]
[WhiteElo "1776"]
[BlackElo "1563"]
[PlyCount "109"]
[GameId "2160767911086361"]
[EventDate "2004.08.07"]
[EventType "swiss"]
[EventRounds "5"]
[EventCountry "CAN"]

1. d4 d5 2. Nf3 c6 3. c3 Nf6 4. Bf4 e6 5. e3 g6 6. Nbd2 Bg7 7. Be2 O-O 8. h3 Nbd7 9. g4 Ne4 10. Nxe4 dxe4 11. Nd2 f5 12. g5 e5 13. dxe5 Nxe5 14. Bxe5 Bxe5 15. h4 Be6 16. Bc4 Bd5 17. Qb3 b6 18. O-O-O Rf7 19. Bxd5 cxd5 20. f4 Bg7 21. h5 Qd6 22. hxg6 hxg6 23. Qb5 Qc5 24. Qxc5 bxc5 25. Nb3 c4 26. Nd4 Rd7 27. Rh2 Bxd4 28. Rxd4 Kg7 29. Rd1 Rh8 30. Rxh8 Kxh8 31. b3 cxb3 32. axb3 Rc7 33. Kc2 Rc5 34. Rd4 a5 35. b4 Rb5 36. Kb3 axb4 37. Rxb4 Ra5 38. Rb6 Kg7 39. Rb7+ Kf8 40. Kb4 Ra1 41. Kc5 Rc1 42. Kxd5 Rxc3 43. Ke6 Rc6+ 44. Kd5 Ra6 45. Rc7 Rb6 46. Rc6 Rxc6 47. Kxc6 Ke8 48. Kd6 Kf7 49. Kd7 Kf8 50. Ke6 Kg7 51. Ke7 Kg8 52. Kf6 Kh7 53. Kf7 Kh8 54. Kxg6 Kg8 55. Kxf5 1-0

[Event "Planas mem"]
[Site "Kelowna CAN"]
[Date "2004.08.07"]
[Round "1.6"]
[White "Raymer, Elliot"]
[Black "Escandor, Manuel Omana"]
[Result "0-1"]
[WhiteElo "1543"]
[BlackElo "1741"]
[PlyCount "78"]
[GameId "2160767911086362"]
[EventDate "2004.08.07"]
[EventType "swiss"]
[EventRounds "5"]
[EventCountry "CAN"]

1. e4 e5 2. Nf3 Nc6 3. Bc4 Bc5 4. d3 h6 5. Nc3 Nf6 6. Na4 Be7 7. Be3 O-O 8. a3 d6 9. h3 a6 10. Nc3 Be6 11. Bxe6 fxe6 12. O-O Qe8 13. Re1 Nh5 14. d4 exd4 15. Nxd4 Nxd4 16. Bxd4 Qg6 17. Qg4 Qf7 18. Be3 Nf6 19. Qg3 Qh5 20. f3 Kh8 21. Ne2 e5 22. f4 Nxe4 23. Qg4 Qxg4 24. hxg4 Bh4 25. Red1 Rae8 26. fxe5 Rxe5 27. Nf4 Kh7 28. Rd4 Ng3 29. Bd2 g5 30. Kh2 gxf4 31. Bxf4 Re4 32. Rxe4 Nxe4 33. Be3 Bg3+ 34. Kh3 Be5 35. c3 Bf4 36. Bxf4 Rxf4 37. Re1 Kg6 38. g3 Ng5+ 39. Kh4 Nf3+ 0-1

[Event "Planas mem"]
[Site "Kelowna CAN"]
[Date "2004.08.07"]
[Round "1.7"]
[White "Labik, Peter"]
[Black "Meyer, Mark"]
[Result "1-0"]
[WhiteElo "1697"]
[BlackElo "730"]
[PlyCount "53"]
[GameId "2160767911086363"]
[EventDate "2004.08.07"]
[EventType "swiss"]
[EventRounds "5"]
[EventCountry "CAN"]

1. e4 e5 2. Bc4 Nf6 3. Nc3 Bc5 4. d3 d6 5. Bg5 h6 6. Bh4 g5 7. Bg3 Bg4 8. Qd2 Nc6 9. Nce2 Nd4 10. Nxd4 Bxd4 11. Ne2 c6 12. Nxd4 exd4 13. O-O d5 14. exd5 cxd5 15. Rae1+ Be6 16. Bb5+ Nd7 17. Bd6 a6 18. Ba4 b5 19. Bb3 Qf6 20. Bxd5 Qg6 21. Bxa8 Qh5 22. Re4 g4 23. Rfe1 Nc5 24. Bc6+ Nd7 25. Rxe6+ Kd8 26. Qa5+ Kc8 27. Qc7# 1-0